[Event "NATO-ch 33rd"]
[Site "Portoroz"]
[Date "2023.09.05"]
[Round "3"]
[White "Coulon, Dominic"]
[Black "Tocco, Paolo"]
[Result "0-1"]
[WhiteElo "1721"]
[BlackElo "2056"]
[PlyCount "48"]
[EventDate "2023.09.04"]
[EventType "swiss"]
[EventRounds "7"]
[EventCountry "SLO"]
[SourceTitle "CBM 216 Extra"]
[Source "ChessBase"]
[SourceDate "2023.11.30"]
[SourceVersion "1"]
[SourceVersionDate "2023.11.30"]
[SourceQuality "1"]

1. d4 e6 2. Nf3 f5 3. Bf4 Nf6 4. h3 Be7 5. e3 0-0 6. Nbd2 b6 7. Bd3 Bb7 8. Rg1 c5 9. c3 Ne4 10. Qe2 Nxd2 11. Kxd2 Nc6 12. g4 b5 13. gxf5 exf5 14. dxc5 b4 15. Nd4 bxc3+ 16. bxc3 Qa5 17. Bc4+ Kh8 18. Qh5 Qxc5 19. Bf7 Ne5 20. Rxg7 Kxg7 21. Rg1+ Kh8 22. Bg6 Nxg6 23. Rxg6 Rac8 24. Qh6 Qxc3+ 0-1

[Event "NATO-ch 31st"]
[Site "Blankenberge"]
[Date "2021.10.14"]
[Round "6.7"]
[White "Tocco, Paolo"]
[Black "Pavlidis, Anastasios"]
[Result "0-1"]
[WhiteElo "2034"]
[BlackElo "2343"]
[PlyCount "60"]
[EventDate "2021.10.11"]
[EventType "team-swiss"]
[EventRounds "7"]
[EventCountry "BEL"]
[SourceTitle "CBM 204 Extra"]
[Source "ChessBase"]
[SourceDate "2021.11.30"]
[SourceVersion "1"]
[SourceVersionDate "2021.11.30"]
[SourceQuality "1"]
[WhiteTeam "Italy"]
[BlackTeam "Greece"]
[WhiteTeamCountry "ITA"]
[BlackTeamCountry "GRE"]

1. d4 d5 2. e4 dxe4 3. Nc3 Bf5 4. g4 Bg6 5. Nge2 Nf6 6. Nf4 e5 7. Nxg6 hxg6 8. g5 exd4 9. Nb5 a6 10. gxf6 axb5 11. fxg7 Bxg7 12. Bxb5+ c6 13. Bc4 Qh4 14. Qe2 Nd7 15. Bd2 0-0 16. 0-0-0 Ne5 17. Bb3 d3 18. Qe3 Nf3 19. Kb1 Rad8 20. Bb4 Bd4 21. Qc1 c5 22. Ba5 b6 23. Bxb6 Rb8 24. Bc7 c4 25. c3 cxb3 26. Bxb8 bxa2+ 27. Kxa2 Rxb8 28. cxd4 Nxd4 29. Qc7 Ra8+ 30. Kb1 Nb3 0-1

[Event "Arco op 41st"]
[Site "Arco"]
[Date "2019.10.11"]
[Round "8"]
[White "Tocco, Paolo"]
[Black "Cluyts, Marc"]
[Result "1-0"]
[WhiteElo "2089"]
[BlackElo "1934"]
[PlyCount "95"]
[EventDate "2019.10.04"]
[EventType "swiss"]
[EventRounds "9"]
[EventCountry "ITA"]
[SourceTitle "EXT 2020"]
[Source "ChessBase"]
[SourceDate "2019.10.17"]
[SourceVersion "1"]
[SourceVersionDate "2019.10.17"]
[SourceQuality "1"]

1. f4 e5 2. fxe5 d6 3. exd6 Bxd6 4. Nf3 Nf6 5. Nc3 Nc6 6. e4 Ng4 7. g3 Bc5 8. d4 Nxd4 9. Na4 Nxf3+ 10. Qxf3 Bf2+ 11. Ke2 Be6 12. b3 Qd7 13. Qd3 Qc6 14. Nc3 a6 15. Bg2 Ne5 16. Qd2 Rd8 17. Nd5 Ba7 18. c4 Bg4+ 19. Kf1 f6 20. h3 Bf3 21. Bb2 Bxg2+ 22. Kxg2 Qd6 23. Qe2 0-0 24. Rad1 Rfe8 25. Rhf1 Qc5 26. Bd4 Qc6 27. Bxa7 Rd6 28. Bd4 Rde6 29. Kh2 Nd7 30. Nc3 b6 31. Qf3 Ne5 32. Qg2 Nf7 33. h4 b5 34. Rfe1 bxc4 35. bxc4 Qxc4 36. Qe2 Qc6 37. Rc1 g5 38. e5 f5 39. Nb1 Qd5 40. Qc4 Qf3 41. Nd2 Qh5 42. Qe2 Qh6 43. Nf3 g4 44. Ng1 Nd6 45. Be3 Qg7 46. exd6 Rxe3 47. Qc4+ Kh8 48. Rxe3 1-0

[Event "NATO-ch 30th"]
[Site "Berlin"]
[Date "2019.09.20"]
[Round "7.19"]
[White "Aagaard, Gert"]
[Black "Tocco, Paolo"]
[Result "1-0"]
[WhiteElo "2029"]
[BlackElo "2089"]
[PlyCount "77"]
[EventDate "2019.09.14"]
[EventType "team-swiss"]
[EventRounds "7"]
[EventCountry "GER"]
[SourceTitle "EXT 2020"]
[Source "ChessBase"]
[SourceDate "2019.10.17"]
[SourceVersion "1"]
[SourceVersionDate "2019.10.17"]
[SourceQuality "1"]
[WhiteTeam "Denmark"]
[BlackTeam "Italy"]
[WhiteTeamCountry "DEN"]
[BlackTeamCountry "ITA"]

1. d4 b6 2. Bf4 Bb7 3. e3 d6 4. Nf3 Nd7 5. Nbd2 g6 6. Bd3 Bg7 7. 0-0 e5 8. Bg3 Qe7 9. dxe5 dxe5 10. Bb5 c6 11. Bc4 Ngf6 12. Bh4 0-0 13. Ne4 b5 14. Be2 Qb4 15. Nxf6+ Nxf6 16. Bg3 Rad8 17. Qc1 e4 18. c3 Qe7 19. Nd4 a6 20. b4 c5 21. bxc5 Qxc5 22. c4 b4 23. a3 bxa3 24. Qxa3 Nd7 25. Bd6 Qg5 26. Qa5 Ne5 27. Bxf8 Rxf8 28. Rfb1 Bc8 29. Qc7 Bh3 30. Bf1 Nf3+ 31. Nxf3 exf3 32. Ra5 Qg4 33. Qg3 Qxg3 34. hxg3 Bf5 35. Rxf5 gxf5 36. c5 a5 37. gxf3 Ra8 38. Rb7 a4 39. Bc4 1-0

[Event "NATO-ch 30th"]
[Site "Berlin"]
[Date "2019.09.18"]
[Round "4.24"]
[White "Tocco, Paolo"]
[Black "Hater, David"]
[Result "1-0"]
[WhiteElo "2089"]
[BlackElo "1973"]
[PlyCount "29"]
[EventDate "2019.09.14"]
[EventType "team-swiss"]
[EventRounds "7"]
[EventCountry "GER"]
[SourceTitle "EXT 2020"]
[Source "ChessBase"]
[SourceDate "2019.10.17"]
[SourceVersion "1"]
[SourceVersionDate "2019.10.17"]
[SourceQuality "1"]
[WhiteTeam "Italy"]
[BlackTeam "NATO III"]
[WhiteTeamCountry "ITA"]

1. d4 Nf6 2. Nc3 d5 3. Bf4 g6 4. e3 Bg7 5. h4 0-0 6. h5 Nxh5 7. Rxh5 gxh5 8. Qxh5 e6 9. Bd3 f5 10. Nf3 Bd7 11. 0-0-0 Be8 12. Qh2 Na6 13. Ng5 Rf6 14. Qxh7+ Kf8 15. Be5 1-0

[Event "Benidorm op U2300 17th"]
[Site "Benidorm"]
[Date "2018.12.01"]
[Round "2"]
[White "Rottenwohrer Suarez, Juan"]
[Black "Tocco, Paolo"]
[Result "1-0"]
[WhiteElo "2213"]
[BlackElo "2084"]
[PlyCount "139"]
[EventDate "2018.11.30"]
[EventType "swiss"]
[EventRounds "10"]
[EventCountry "ESP"]
[SourceTitle "EXT 2022"]
[Source "ChessBase"]
[SourceDate "2021.10.06"]
[SourceVersion "1"]
[SourceVersionDate "2021.10.06"]
[SourceQuality "1"]

1. g3 b6 2. Bg2 Nc6 3. Nf3 Bb7 4. 0-0 e6 5. e4 d6 6. d4 Nce7 7. Nc3 g6 8. h4 Bg7 9. Bf4 Nf6 10. Re1 Nd7 11. h5 h6 12. hxg6 Nxg6 13. Qd2 a6 14. a4 Nxf4 15. Qxf4 Qf6 16. Qe3 Qe7 17. d5 e5 18. Nh4 Qg5 19. Nf5 Bf6 20. Bf3 Qxe3 21. Rxe3 Bg5 22. Re2 Nf6 23. a5 b5 24. Kg2 Bc8 25. Ng7+ Ke7 26. Nh5 Bd7 27. Na2 c5 28. dxc6 Bxc6 29. Nb4 Bb7 30. Ng7 Rac8 31. Nf5+ Ke6 32. Rd1 Rhd8 33. Ng7+ Ke7 34. Nf5+ Ke6 35. Ng7+ Kd7 36. c3 Rc4 37. Rde1 Rg8 38. Nh5 Ne8 39. Bg4+ Ke7 40. Bf5 Nc7 41. Kh3 Ne6 42. Bxe6 fxe6 43. f3 Bf6 44. Nxf6 Kxf6 45. Rd2 Ke7 46. Red1 Rd8 47. g4 Rc7 48. Kg3 Rcd7 49. Rh2 Rh8 50. Rdh1 d5 51. exd5 exd5 52. Rxh6 Rxh6 53. Rxh6 d4 54. Rh7+ Kd6 55. Rxd7+ Kxd7 56. cxd4 exd4 57. f4 Kd6 58. f5 Ke5 59. Nd3+ Ke4 60. Nf2+ Ke5 61. Nd3+ Ke4 62. Nc5+ Ke3 63. g5 Bd5 64. g6 d3 65. Nxd3 Kxd3 66. f6 Kc2 67. f7 Bxf7 68. gxf7 Kxb2 69. f8Q Kb3 70. Qd6 1-0

[Event "Arco op 40th"]
[Site "Arco"]
[Date "2018.10.14"]
[Round "2"]
[White "Tocco, Paolo"]
[Black "Romanishin, Oleg M"]
[Result "1/2-1/2"]
[WhiteElo "2056"]
[BlackElo "2443"]
[PlyCount "80"]
[EventDate "2018.10.13"]
[EventType "swiss"]
[EventRounds "9"]
[EventCountry "ITA"]
[SourceTitle "CBM 186 Extra"]
[Source "ChessBase"]
[SourceDate "2018.08.24"]
[SourceVersion "1"]
[SourceVersionDate "2018.08.24"]
[SourceQuality "1"]

1. f4 Nf6 2. Nf3 g6 3. g3 d5 4. Bg2 Bg7 5. 0-0 0-0 6. d3 b6 7. e4 c5 8. Nc3 d4 9. Ne2 Nc6 10. h3 Ba6 11. g4 c4 12. e5 cxd3 13. cxd3 Nd5 14. Nfxd4 Nxd4 15. Nxd4 Rc8 16. Qb3 Rc5 17. Qa3 Ra5 18. Nc6 Rxa3 19. Nxd8 Rxd3 20. Nc6 Rg3 21. Rf3 Rxg2+ 22. Kxg2 Bb7 23. Nxa7 Nb4 24. Kg3 Bxf3 25. Kxf3 f6 26. e6 Nc2 27. Rb1 Nd4+ 28. Kg3 f5 29. Be3 fxg4 30. Bxd4 Bxd4 31. hxg4 Bc5 32. Nb5 Rd8 33. b4 Rd3+ 34. Kg2 Bd6 35. Nxd6 Rxd6 36. a4 Rxe6 37. a5 bxa5 38. bxa5 Re2+ 39. Kf3 Ra2 40. Rb5 Ra4 1/2-1/2

[Event "Arco op 35th"]
[Site "Arco"]
[Date "2013.10.18"]
[Round "7"]
[White "De Eccher, Stefano"]
[Black "Tocco, Paolo"]
[Result "1-0"]
[WhiteElo "2239"]
[BlackElo "2133"]
[PlyCount "48"]
[EventDate "2013.10.12"]
[EventType "swiss"]
[EventRounds "9"]
[EventCountry "ITA"]
[SourceTitle "EXT 2014"]
[Source "ChessBase"]
[SourceDate "2013.11.20"]
[SourceVersion "1"]
[SourceVersionDate "2013.11.20"]
[SourceQuality "1"]

1. e4 e5 2. Nf3 Nc6 3. Be2 Nf6 4. d3 Be7 5. 0-0 0-0 6. c3 d5 7. Nbd2 Re8 8. b4 a6 9. Re1 d4 10. cxd4 Nxd4 11. a3 c5 12. Nxd4 cxd4 13. Nc4 Qc7 14. f4 exf4 15. Rf1 b5 16. Bxf4 Qa7 17. Nd2 Be6 18. Kh1 Rac8 19. Nf3 Nh5 20. Bd2 Nf6 21. Ng5 Qd7 22. a4 h6 23. axb5 axb5 24. Nxe6 Qxe6 1-0

[Event "Arco op 35th"]
[Site "Arco"]
[Date "2013.10.17"]
[Round "6"]
[White "Tocco, Paolo"]
[Black "Ottaviani, Gianluca"]
[Result "1-0"]
[WhiteElo "2133"]
[BlackElo "1983"]
[PlyCount "79"]
[EventDate "2013.10.12"]
[EventType "swiss"]
[EventRounds "9"]
[EventCountry "ITA"]
[SourceTitle "EXT 2014"]
[Source "ChessBase"]
[SourceDate "2013.11.20"]
[SourceVersion "1"]
[SourceVersionDate "2013.11.20"]
[SourceQuality "1"]

1. d4 Nf6 2. Nc3 d5 3. e4 Nxe4 4. Nxe4 dxe4 5. Bc4 Nc6 6. c3 e5 7. d5 Ne7 8. f3 Nf5 9. Bb5+ Bd7 10. Bxd7+ Qxd7 11. fxe4 Nd6 12. Qe2 0-0-0 13. Nf3 f6 14. 0-0 Qg4 15. Re1 Be7 16. c4 Nf7 17. Bd2 g5 18. b4 h5 19. c5 Kb8 20. a4 h4 21. a5 h3 22. g3 f5 23. Bc3 Bf6 24. Nd2 Qxe2 25. Rxe2 f4 26. a6 b6 27. Nc4 Rhe8 28. d6 Re6 29. dxc7+ Kxc7 30. cxb6+ axb6 31. a7 Ra8 32. b5 Be7 33. gxf4 Bc5+ 34. Kf1 gxf4 35. Rd2 f3 36. Rd3 f2 37. Rxh3 Rg6 38. Rh7 Rf6 39. Bxe5+ Kd7 40. Bxf6 1-0